1989 1900 1424 1455 1709 1552 1228 1530 1054 1833 1398 1513 1521 1458 1811 1378 1512 1395 1888 1653 1421 1998 1849 1931 1710 1313 1164 1283 1517 1061 1989 1126 1718 1436 1371 1201 1293 1441 1726 1045 1133 1544 1185 1983 1568 1028 1483 1057 1676 1807 1583 1839 1206 1018 1650 1367 1422 1081 1738 1309 1107 1863 1493 1792 1414 1216 1606 1873 1334 1744 1955 1768 1022 1985 1913 1066 1633 1611 1850 1294 1001 1260 1565 1420 1024 1883 1275 1357 1499 1057 1636 1433 1052 1393 1446 1166 1198 1055 1560 BCNSPRNW ULIB Ver.6.0+V

เปลี่ยนเป็นภาษาไทย

Change to English
 แสดงรายละเอียดบรรณานุกรม
  กลับหน้าหลัก

Brief Record : Get Marc (ISO 2709) : E-mail record : QR code < ปิดหน้าต่าง
LEADER : 00000nam 2200000uu 4500
001    13399108579
003     ULIB
008    110309s2551||||th 000 0 tha d
020    9789741395682
060 04 QV767^bอ911น 2551
100 0  เอมอร ตรีภิญโญยศ
245 10 น้ำเอนไซม์สลายมะเร็ง =^bEnzyem stop cancer /^cเอมอรตรีภิญโญยศ
246 31 Enzyem stop cancer
260    กรุงเทพฯ :^bDดี,^c2551
300    134, [2] หน้า :^bภาพประกอบ ;^c22 ซม.
650  7 น้ำผลไม้
650  7 มะเร็ง^xการรักษาด้วยสมุนไพร
650  7 เอนไซม์
945    ^p250^l0^i024514
945    ^p250^l0^i024513
945    ^p250^l0^i024512
995    ทศพร
999 ^a ใช้งานได้ทุกระบบ
รายการนี้ยังไม่มีแท็ก
คุณยังไม่ได้ล็อกอิน คุณสามารถมีกิจกรรมร่วมกับเว็บไซต์ได้ แต่ต้องล็อกอินก่อน ::
  ล็อกอิน

รายการสื่อสารสนเทศ

ลำดับที่ ประเภท เลขเรียก/บาร์โค้ด สถานที่ สถานะ
- ไม่พบข้อมูล -

รายการใกล้เคียง
    ผู้แต่ง [เอมอร ตรีภิญโญยศ]

    หัวเรื่อง [น้ำผลไม้]
    หัวเรื่อง [เอนไซม์]

BibComment


ยังไม่เคยถูกคอมเมนท์

คอมเมนท์ทรัพยากรรายการนี้
  คอมเมนท์: น้ำเอนไซม์สลายมะเ..


 Copyright 2026. Bcnsprnw @Library